Vista normal
Vista MARC
Entrada Encabezamiento temático
Número de registros utilizados en: 3
001 - NÚMERO DE CONTROL
- campo de control: 4660
003 - IDENTIFICADOR DEL NÚMERO DE CONTROL
- campo de control: vecauma
005 - FECHA Y HORA DE LA ÚLTIMA TRANSACCIÓN
- campo de control: 20230216152630.0
008 - DATOS DE LONGITUD FIJA
- campo de control de longitud fija: 221202|| aca||aabn | a|a d
040 ## - FUENTE DE LA CATALOGACIÓN
- Centro catalogador/agencia de origen: vecauma
053 ## - Número de clasificación LC
- Número de clasificación–único número o número inicial: JC330.2
150 ## - Materia
- Encabezamiento temático: ESTABILIDAD POLITICA
450 ## - REFERENCIA DE “VEASE” MATERIA
- Encabezamiento temático: Political stability
450 ## - REFERENCIA DE “VEASE” MATERIA
- Encabezamiento temático: Desestabilización (Política)
450 ## - REFERENCIA DE “VEASE” MATERIA
- Encabezamiento temático: Inestabilidad política
550 ## - REFERENCIA DE "VEASE ADEMAS" MATERIA
- Encabezamiento temático: LEGITIMIDAD DE LOS GOBIERNOS
670 ## - FUENTE EN LA QUE SE LOCALIZARON DATOS
- Cita de la fuente: Catálogo de Autoridades de la Biblioteca Nacional de España, 2022
- Información localizada: (Estabilidad política)
670 ## - FUENTE EN LA QUE SE LOCALIZARON DATOS
- Cita de la fuente: Catálogo de Autoridades de la Biblioteca del Congreso, 2022
- Información localizada: (Political stability)
